01143nam a2200193Ia 4500001001100000003001000011008004100021040002500062041001300087100002000100245006000120250001100180260008900191300001200280500026000292501011400552520026000666650002300926L248-27631IT-CnALBA170116s9999||||xx |||||||||||||| ||und|| aIT-CnALBAcIT-CnALBA aITALIANO aBOBICHON MARIUS 0aMARIE DANS LA NOUVELLE LITURGIE DE LA PAROLE. TOME II.  a1a ed. a LYONbEDITIONS DU CHALET DU SUD-EST c1975 [1° Ed.:1975 - Ed.Ling.Originale: 1975] a157 p.  aTESTI BIBLICI: LETTURA E COMMENTO DELL'A. E N. TESTAMENTO. PURIIFICAZIONE DI MARIA. LOURDES. VISITAZIONE. CUORE IMMACOLATO. CARMELO. MARIA REGINA. S. MARIA MAGGIORE. ADDOLORATA. S. ROSARIO. PRESENTAZIONE DI MARIA AL TEMPIO. TOMO I: CONFRONTA DOCUMENTO 438 aSocietà San Paolo EM - Piazza San Paolo, 14 - 12051 ALBA (CN) (non commercial uses only) ® Copyright 2017 aTESTI BIBLICI: LETTURA E COMMENTO DELL'A. E N. TESTAMENTO. PURIIFICAZIONE DI MARIA. LOURDES. VISITAZIONE. CUORE IMMACOLATO. CARMELO. MARIA REGINA. S. MARIA MAGGIORE. ADDOLORATA. S. ROSARIO. PRESENTAZIONE DI MARIA AL TEMPIO. TOMO I: CONFRONTA DOCUMENTO 438 aASCETICA E MISTICA